000 00997cam a22001934a 4500
005 20250605164120.0
008 250528s ||||||||||||||||||||||||d
035 _a18217
020 _a201477084
040 _aGR-AtMCL
_bgre
_dGR-AtMCL
_eAACR2
245 1 _aOperating System Projects Using Windows NT
260 _bAddison-Wesley Publishing Company,
_c1999
300 _a236
520 _aThis book provides a series of 12 lab exercises that can be solved on a Windows NT workstation. Includes CD-ROM. Preface, Acknowledgements, The Organization of NT, The Lab Exercises, Managing Multiple Tasks, Writing Multiheaded Software, Manipulating Kernel Objects, Thread Synchronization, Inter process Communication, Using TCP/ IP, Virtual Memory, Memory-Mapped Files, Fast File I/ O, Floppy Disk I/ O, File Systems and Directories, File Operations, The Visual C++ Programming Environment, Bibliography, Index.
700 1 _aNutt Gary J
_94497
942 _cBK
999 _c3594
_d3594